| 000 | 01777nam a2200373 i 4500 | ||
|---|---|---|---|
| 001 | 000014121 | ||
| 003 | DO-SdBNP | ||
| 005 | 20250707101139.0 | ||
| 007 | ta | ||
| 008 | 091204s2009 dr r 000 p spa d | ||
| 020 | _a9789945427899 | ||
| 040 |
_aDO-SdBNP _bspa _cBNPHU _erda |
||
| 041 | _aspa | ||
| 082 | 4 |
_aRD861.4408 _bM274b _222 |
|
| 100 | 1 |
_aMoreno Jimenes, Domingo, _d1894-1986 _eautor _4aut. _919534 |
|
| 245 | 1 | 0 |
_aBenvenuto e addio antología poética bilingüe di Domingo Moreno Jimenes / _c[selección], Danilo Manera. |
| 264 | 4 |
_aSanto Domingo, República Dominicana : _bEditora Nacional, _bSecretaría de Estado de Cultura, _c©2009. |
|
| 300 |
_a68 páginas ; _c23 cm. |
||
| 336 |
_atexto _btxt _2rdacontent |
||
| 337 |
_asin mediación _bn _2rdamedia |
||
| 338 |
_avolumen _bnc _2rdacarrier |
||
| 490 | 0 | _aClásicos dominicanos | |
| 500 | _aIncluye datos biográficos del compilador en las solapas | ||
| 500 | _aTexto en italiano y español | ||
| 500 | _aBibliografía: p. 64-68 | ||
| 505 | _aIntroduzione, 9.-- Aspiración, 12.-- Melancolía, 14.-- El poema de la hija reintegrada, 16.-- La canción de sus ojos, 32.-- A orillas del soco, 34.-- Paisaje, 36.-- Lumbre, 38.-- Extasis, 40.-- Análisis, 42.-- Embriaguez, 44.-- La musa, 46.-- Psalmo, 48.-- Lasitud, 50.-- Canto-grito, 52.-- Palabras a Dios, 54.-- Palabras sueltas, 56.-- El pasado, 58.-- Bienvenida y adiós, 60.-- Domingo Moreno Jimenes, 61. | ||
| 590 | _aInventariado, 2019/MFF | ||
| 600 | 1 | 0 |
_aMoreno Jimenes, Domingo, _d1894-1986 _931949 |
| 650 | 7 |
_aPoesía dominicana _vColecciones _97120 _2LEMB |
|
| 650 | 7 |
_aLiteratura dominicana. _967 _2LEMB |
|
| 700 | 1 |
_aManera, Danilo, _d1957- _eselección _4se. _931950 |
|
| 910 | _aValidado. Control de calidad MFF | ||
| 942 |
_2ddc _cLBS1 |
||
| 999 |
_c13723 _d13723 |
||